000 00328nam a22001337a 4500
008 190223b xxu||||| |||| 00| 0 eng d
020 _a9780262513395
041 _aeng
080 _a371
100 _a25
101 _aEDU
245 _aThe Computational Nature of Language Learning and Evolution
_cNiyogi, P
942 _2udc
_cBK
999 _c54164
_d54164